000 00744nam a22002297a 4500
003 DO-SdBNP
005 20220328111526.0
008 210825b 2006 dr 00| 0 eng d
020 _a9993492303
040 _aDO-SdBNP
_bspa
_cBNPHU
049 _aBNPD
082 _aBNPHU PD
_bP421d
100 1 _aPepén, Juan F.
_q (Juan Felix)
_913174
245 1 0 _aDonde floreció el naranjo. La Altagracia :
_borigen y significado de su culto /
_cMons. Juan F. Pepen.
250 _a5ta ed.
260 _aSanto Domingo :
_bEdiciones Peregrino ;
_c2006.
300 _a112 p. :
_bil. ;
_c20 cm.
500 _aTextos de la Biblia de la traducción de L. Alonso Scköel y Juan Mateos
590 _aInventariado, 2021/BT
910 _aBtavárez
942 _2ddc
_cLBS1
999 _c50277
_d50277